Guess the Taylor Swift song with no hint 102 - Statistics

General Stats
  • This quiz has been taken 935 times
  • The average score is 323 of 488
Answer Stats
Answer % Correct
I
100%
a
99%
the
98%
The
98%
you
98%
You
98%
an
95%
We
95%
we
95%
me
94%
And
92%
and
92%
in
92%
In
92%
be
91%
it
91%
It
91%
my
91%
On
91%
on
91%
to
91%
your
90%
love
89%
when
89%
were
88%
We're
88%
so
87%
So
87%
of
86%
that
85%
is
84%
You're
83%
no
82%
was
82%
by
81%
it's
80%
for
79%
I'm
79%
this
79%
time
79%
Time
79%
have
78%
if
77%
they
77%
all
76%
like
76%
There
76%
know
75%
said
75%
would
75%
mine
73%
been
72%
say
72%
But
71%
don't
71%
Don't
71%
saw
70%
At
66%
off
66%
I'd
65%
us
65%
did
64%
had
64%
just
64%
night
64%
one
63%
as
62%
head
62%
would've
62%
Down
61%
down
61%
every
61%
"Oh
61%
'Cause
60%
first
58%
timeless
57%
timeless"
57%
you'd
57%
our
55%
there's
55%
back
54%
somethin'
54%
still
53%
that's
53%
That's
53%
way
53%
you'll
53%
their
52%
even
51%
Even
51%
gonna
51%
life
51%
let
50%
only
49%
walked
49%
shop
48%
We'll
48%
always
47%
read
47%
something
47%
"Stop"
47%
street
47%
we'd
47%
right
46%
antique
45%
home
45%
man
45%
those
45%
thought
45%
kind
44%
once
44%
war
44%
another
43%
Another
43%
fight
43%
met
43%
mind
43%
old
43%
about
42%
each"
42%
each
42%
find
42%
things
42%
block
41%
face
41%
made
41%
"Photos
41%
photos
41%
single
41%
cents
40%
eye
40%
fine
40%
letters
40%
1944
39%
crowded
39%
other
39%
put
39%
these
39%
box
38%
die
38%
five
38%
lifetime
38%
twenty
38%
different
37%
God
37%
house
37%
really
37%
comin'
36%
found
36%
left
36%
sign
36%
we've
36%
fell
35%
hard
35%
marry
35%
counter
34%
hands
34%
same
34%
stood
34%
Story
34%
story
34%
away
33%
room
33%
supposed
33%
turned
33%
cardboard
32%
couple
32%
hair
32%
instead
32%
prayed
32%
believe
31%
1958
30%
Black
30%
called
30%
came
30%
dance
30%
explain
30%
forced
30%
gray
30%
headed
30%
kinda
30%
porch
30%
run
30%
Which
30%
white
30%
book
29%
lovers
29%
years
29%
ago
28%
forgot
28%
sometimes
28%
teenage
28%
turnin'
28%
body
27%
caught
27%
date
27%
"Hello"
27%
laughin'
27%
somehow
27%
soul
27%
started
27%
touch
27%
bride
26%
driveway
26%
fate
26%
few
26%
lookin'
26%
short
26%
smile
26%
'30s
25%
apart
25%
behind
25%
brought
25%
Holdin'
25%
proof
25%
torn
25%
1500s
24%
breaks
24%
classic
24%
Hundreds
24%
romance
24%
cobwebs
23%
covered
23%
precious
23%
'round
21%
upon
21%
age-old
20%
gonne
20%
school
6%
No matching quizzes found
Score Distribution
Percent of People with Each Score
Percentile by Number Answered
Your Score History
You have not taken this quiz